| 000 | 01139nam a2200229 a 4500 | ||
|---|---|---|---|
| 001 | 000039361 | ||
| 005 | 20201002031620.0 | ||
| 008 | 130625s2000 sp 000 0 spa d | ||
| 020 | _a8400078519 | ||
| 100 | 1 |
_aCañas Reíllo, José Manuel _965564 |
|
| 245 | 1 | 0 |
_aGlosas marginales de Vetus Latina en biblias vulgatas españolas : _b1-2 Macabeos / _cJosé Manuel Cañas Reíllo. |
| 260 |
_aMadrid : _bInstituto de Filología del CSIC, Departamento de Filología Bíblica y de Oriente Antiguo _bConsejo Superior de Investigación Científicas, _c2000. |
||
| 300 |
_a326 p. ; _c24 cm. |
||
| 490 | 1 |
_aTextos y estudios Cardenal Cisneros : de la Biblia Políglota Matritense ; _v65 |
|
| 500 | _aIncluye índice | ||
| 504 | _aBibliografía : p. 276-295 | ||
| 504 | _aIncluye referencias bibliográficas y notas al pie de las páginas | ||
| 710 | 2 |
_aInstituto de Filología del CSIC, Departamento de Filología Bíblica y de Oriente Antiguo _965565 |
|
| 710 | 2 |
_aConsejo Superior de Investigación Científicas _963831 |
|
| 830 | 0 | 0 |
_aTextos y estudios Cardenal Cisneros : de la Biblia Políglota Matritense ; _v65 _915280 |
| 999 |
_c38851 _d38851 |
||
| 040 | _aDO-SdBNP | ||